000 00832nam a2200253Ia 4500
003 OSt
005 20221005112547.0
006 a|||||r|||| 00| 0
007 ta
008 221004b |||||||| |||| 00| 0 pan d
020 _a9789350682975 (hbk)
_c500
024 _a26251
037 _b1023, 16/03/2016, H.K. Prakashan
_cTextual
040 _aCRL
_cCRL
_bpan
041 _2pan
_apan
082 _aO153,2NBALx, Q3
100 _aਸਿੰਘ, ਬਲਦੇਵ
245 0 _aਮੇਰੇ ਸਾਰੇ ਨਾਟਕ
260 _aਚੰਡੀਗੜ
_bਲੋਕਗੀਤ ਭਾਰਤ
_c2013
300 _a396ਪੰ
_ccm.
650 _aਪੰਜਾਬੀ ਸਾਹਿਤ
942 _hO153,2NBALx, Q3
_cTEXL
_2cc
999 _c1025243
_d1025243